000 00667nam a2200241Ia 4500
003 OSt
005 20220926020033.0
006 a|||||r|||| 00| 0
007 ta
008 220923b |||||||| |||| 00| 0 eng d
037 _cGeneral Book
040 _aRTL
_cRTL
_beng
041 _2eng
_aeng
082 _aX, L0;L6
100 _aMermelstein David Ed.
_9323525
245 0 _aEconomics
_b mainstream readings and radical critiques
250 _a3
260 _aNew York
_bRandom house
_c1976
300 _axxii, 546p
_ccm.
650 _aEconomic Theory
942 _hX, L0;L6
_cGB
_2CC
999 _c633160
_d633160